| 000 | 00337nam a22001337a 4500 | ||
|---|---|---|---|
| 008 | 181015b xxu||||| |||| 00| 0 eng d | ||
| 020 | _a9780761824718 | ||
| 041 | _aeng | ||
| 080 | _a101 | ||
| 100 | _a24 | ||
| 101 | _aFIL | ||
| 245 |
_aReturning Questions A Dialogical Introduction To Philisophy _cCronoin.J.R |
||
| 942 |
_2udc _cBK |
||
| 999 |
_c49767 _d49767 |
||